Estadísticas para Ciudades españolas por una sola pista #2

Haz click aquí para intentar la prueba.

Estadísticas generales

  • Esta prueba ha sido intentada 57 veces
  • La puntuación promedio es 8 de 15

Estadísticas de respuestas

PistaCiudad% Correcto
Ciudad donde se encuentra la Ciudad de las Artes y las CienciasValencia
100%
Ciudad en la que se lleva a cabo la celebración del San FermínPamplona
81%
Ciudad establecida como capital por los visigodosToledo
81%
La quinta ciudad más poblada de EspañaZaragoza
75%
Ciudad en la que se encuentra la famosa Torre de HérculesA Coruña
66%
Ciudad en la que podemos visitar una gran muralla y el estadio Anxo CarroLugo
64%
Ciudad cercana a las famosas ruinas de la antigua ciudad de Medina AzaharaCórdoba
57%
Ciudad conocida por ser un recurrente destino de vacaciones de la Familia Real SaudíMarbella
55%
Ciudad en la cuál puedes encontrar la Casa de las ConchasSalamanca
47%
Lugar de nacimiento del rey Alfonso II el CastoOviedo
32%
Ciudad de nacimiento de la actriz Eva IsantaCeuta
28%
Ciudad en la que se encuentra un museo de un célebre pintor con huevos gigantes sobre el museoFigueras
26%
Ciudad considerada capital de facto de las Canarias hasta el siglo XVIILas Palmas de Gran Canaria
21%
Ciudad conocida por su gran castillo templario y por poseer un equipo en el fútbol profesionalPonferrada
21%
Ciudad donde podemos encontrar el Pasaje de Lodares, para algunos la calle más bonita de EspañaAlbacete
19%

Distribución de puntuación

Porcentaje por número respondido

Porcentaje de gente con cada puntuación

Historial de tus puntuaciones

No has intentado esta prueba.